| 000 | 00670nam a2200205 i 4500 | ||
|---|---|---|---|
| 001 | 113953 | ||
| 003 | ES-MaACL | ||
| 005 | 20251004063143.0 | ||
| 007 | t| | ||
| 008 | 061121s1953 sp r ||||1| spa d | ||
| 100 | 1 |
_aPalma, Ricardo, _d1833-1919 _988616 |
|
| 245 | 1 | 0 |
_aTradiciones peruanas completas / _cRicardo Palma ; edición y prólogo de Edith Palma. |
| 250 | _a2ª ed. | ||
| 260 |
_aMadrid : _bAguilar, _c1953. |
||
| 300 |
_a1796 p., 1 lám. = retr. aut. ; _c19 cm. |
||
| 500 | _aCon siete... apéndices y una selección de cartas del autor. | ||
| 700 | 1 |
_aPalma, Edith. _988609 |
|
| 852 |
_aES-MaACL _jC-6132 _bR.34816 |
||
| 999 |
_c113953 _d113953 |
||